| 000 | 00545nam a2200193Ia 4500 | ||
|---|---|---|---|
| 005 | 20250508163726.0 | ||
| 008 | 008 250505s9999 xx 000 0 eng d | ||
| 020 | _a81-7100-223-4 | ||
| 037 | _aTextual | ||
| 040 |
_aFEDL _beng _cFEDL |
||
| 041 |
_aeng _2eng |
||
| 084 |
_a379.111, THA _qFEDL |
||
| 100 | _aThakur Devendra Ed. | ||
| 245 | 0 | _aEducation and manpower planning | |
| 260 |
_aNew Delhi, India _bDeep and Deep Publications _c1997 |
||
| 300 | _a491p. | ||
| 942 |
_cTEXL _h379.111, THA |
||
| 999 |
_c1384916 _d1384916 |
||